[Event "GER-ch Net blitz qual1"]
[Site "Playchess.com INT"]
[Date "2021.04.24"]
[Round "11"]
[White "Schulze Schwering, Philipp"]
[Black "Quante, Lennart"]
[Result "1/2-1/2"]
[WhiteElo "1874"]
[BlackElo "1620"]
[PlyCount "120"]
[EventDate "2021.04.24"]
[EventType "swiss (blitz)"]
[EventRounds "11"]
[EventCountry "GER"]
[SourceTitle "CBM 202 Extra"]
[Source "ChessBase"]
[SourceDate "2021.07.31"]
[SourceVersion "1"]
[SourceVersionDate "2021.07.31"]
[SourceQuality "1"]

1. d4 g6 2. Nf3 Bg7 3. g3 Nf6 4. Bg2 0-0 5. 0-0 d5 6. c4 c6 7. cxd5 cxd5 8. Nc3 Ne4 9. Qb3 Nc6 10. Nxd5 Be6 11. Nxe7+ Qxe7 12. d5 Nc5 13. Qc4 b5 14. Qxb5 Bxd5 15. Be3 Bxf3 16. Bxf3 Nd4 17. Bxd4 Bxd4 18. Bxa8 Rxa8 19. e3 a6 20. Qc6 Rd8 21. exd4 Ne6 22. Rfe1 Qg5 23. Qb6 Nxd4 24. Re3 Qd5 25. Rae1 Rd6 26. Qb8+ Kg7 27. h4 Rf6 28. Qe5 Nf3+ 29. Rxf3 Qxf3 30. Qe2 Qxe2 31. Rxe2 Rc6 32. Kg2 h5 33. Rd2 Rc1 34. b4 Ra1 35. Rb2 Kf6 36. Kf3 Ke6 37. Ke4 Re1+ 38. Kd4 Rc1 39. a4 Ra1 40. a5 Rc1 41. Kd3 Kd5 42. b5 axb5 43. Rxb5+ Ke6 44. Rb6+ Kf5 45. a6 Ra1 46. Ke3 f6 47. Kf3 Ra3+ 48. Kg2 g5 49. hxg5 fxg5 50. Rh6 h4 51. gxh4 gxh4 52. Rb6 Kf4 53. Kh2 Kg4 54. Rg6+ Kf5 55. Rc6 Kg4 56. Kg2 Kf4 57. Rc4+ Kg5 58. Rc6 Kf4 59. Kh2 Kg4 60. Kg2 Kf4 1/2-1/2

[Event "DSOL 03 Liga Final 1st"]
[Site "Playchess.com INT"]
[Date "2020.08.27"]
[Round "1.1"]
[White "Weise, Martin"]
[Black "Schulze Schwering, Philipp"]
[Result "1-0"]
[WhiteElo "2042"]
[BlackElo "2051"]
[PlyCount "61"]
[EventDate "2020.06.22"]
[EventType "team-k.o. (rapid)"]
[EventCountry "GER"]
[SourceTitle "EXT 2021"]
[Source "ChessBase"]
[SourceDate "2020.10.23"]
[SourceVersion "1"]
[SourceVersionDate "2020.10.23"]
[SourceQuality "1"]
[WhiteTeam "Fulda"]
[BlackTeam "Borken"]
[WhiteTeamCountry "GER"]
[BlackTeamCountry "GER"]

1. Nf3 Nf6 2. e3 d5 3. c4 c5 4. cxd5 Nxd5 5. Nc3 e6 6. d4 cxd4 7. exd4 Nc6 8. Bb5 Bb4 9. Bd2 Qa5 10. Qb3 Nxc3 11. Bxc6+ bxc6 12. bxc3 Bd6 13. c4 Qc7 14. c5 Be7 15. 0-0 0-0 16. Ne5 Ba6 17. Rfe1 Rab8 18. Qg3 Rbd8 19. Ng6 Qxg3 20. Nxe7+ Kh8 21. hxg3 Bb7 22. Rab1 Rd7 23. Rxb7 Rxb7 24. Nxc6 Rb2 25. Bf4 Rxa2 26. Bd6 Rc8 27. Ne7 Re8 28. Rc1 Rd2 29. c6 Rxd4 30. c7 Rxd6 31. c8Q 1-0

[Event "DSOL 03 Liga Gr-D 1st"]
[Site "Playchess.com INT"]
[Date "2020.07.09"]
[Round "3.1"]
[White "Ottmann, Martin"]
[Black "Schulze Schwering, Philipp"]
[Result "0-1"]
[WhiteElo "2024"]
[BlackElo "2051"]
[PlyCount "67"]
[EventDate "2020.06.22"]
[EventType "team-tourn (rapid)"]
[EventCountry "GER"]
[SourceTitle "EXT 2021"]
[Source "ChessBase"]
[SourceDate "2020.10.23"]
[SourceVersion "1"]
[SourceVersionDate "2020.10.23"]
[SourceQuality "1"]
[WhiteTeam "Bad Homburg"]
[BlackTeam "Borken"]
[WhiteTeamCountry "GER"]
[BlackTeamCountry "GER"]

1. d4 Nf6 2. c4 e6 3. Nc3 d5 4. Bg5 Be7 5. Nf3 c6 6. e3 0-0 7. Bd3 dxc4 8. Bxc4 b5 9. Bd3 Bb7 10. 0-0 Nbd7 11. a3 a6 12. Rc1 c5 13. Bb1 cxd4 14. exd4 Re8 15. Qd3 Nf8 16. Rfd1 Nd5 17. Bxe7 Qxe7 18. Ne4 Nf6 19. Nc5 Bd5 20. Ne5 Ng6 21. f3 Rec8 22. b4 Nf8 23. Rc3 g6 24. Rdc1 Qd6 25. Qe3 Rd8 26. Qf4 Kg7 27. g4 Ra7 28. Qe3 Ba8 29. Rd3 Nd5 30. Qd2 f6 31. Ne4 Qb6 32. Nc4 bxc4 33. Rxc4 Bc6 34. Qc1 0-1

[Event "Muensterland Regionalliga 1920"]
[Site "Germany"]
[Date "2019.11.30"]
[Round "4.1"]
[White "Pliete, Christian"]
[Black "Schulze Schwering, Philipp"]
[Result "1-0"]
[WhiteElo "1835"]
[BlackElo "2067"]
[PlyCount "91"]
[EventDate "2019.09.07"]
[EventType "team-tourn"]
[EventRounds "7"]
[EventCountry "GER"]
[SourceTitle "EXT 2023"]
[Source "ChessBase"]
[SourceDate "2022.10.05"]
[SourceVersion "1"]
[SourceVersionDate "2022.10.05"]
[SourceQuality "1"]
[WhiteTeam "Raesfeld Erle II"]
[BlackTeam "Borken"]
[WhiteTeamCountry "GER"]
[BlackTeamCountry "GER"]

1. e4 c6 2. d4 d5 3. Nc3 dxe4 4. Nxe4 Nd7 5. Nf3 Ngf6 6. Ng3 Qc7 7. Bd3 e6 8. 0-0 Bd6 9. c4 c5 10. Re1 0-0 11. Ne4 Nxe4 12. Rxe4 Nf6 13. Rh4 h6 14. Bxh6 gxh6 15. Qd2 Bf4 16. Rxf4 Kg7 17. Qe3 Ng8 18. Ne5 f5 19. dxc5 a5 20. Re1 a4 21. Qg3+ Kh7 22. Rh4 Qg7 23. Qxg7+ Kxg7 24. Nf3 Bd7 25. Rd4 Rfd8 26. Bc2 Nf6 27. Red1 Kf7 28. Ne5+ Ke7 29. f4 Be8 30. Rd6 Rdc8 31. Rb6 Bc6 32. Nxc6+ bxc6 33. Rb7+ Kf8 34. Rd6 Rab8 35. Rxb8 Rxb8 36. b3 axb3 37. Bxb3 Ne4 38. Rxe6 Rd8 39. Rxc6 Rd2 40. h3 h5 41. h4 Kg7 42. Re6 Kf7 43. Re5 Kf6 44. c6 Rd6 45. Ba4 Nc3 46. c7 1-0

[Event "Muensterland Regionalliga 1920"]
[Site "Germany"]
[Date "2019.09.07"]
[Round "1.1"]
[White "Rieke, Theo"]
[Black "Schulze Schwering, Philipp"]
[Result "1/2-1/2"]
[WhiteElo "1977"]
[BlackElo "2067"]
[PlyCount "85"]
[EventDate "2019.09.07"]
[EventType "team-tourn"]
[EventRounds "7"]
[EventCountry "GER"]
[SourceTitle "EXT 2023"]
[Source "ChessBase"]
[SourceDate "2022.10.05"]
[SourceVersion "1"]
[SourceVersionDate "2022.10.05"]
[SourceQuality "1"]
[WhiteTeam "Steinfurt"]
[BlackTeam "Borken"]
[WhiteTeamCountry "GER"]
[BlackTeamCountry "GER"]

1. Nf3 d5 2. d4 Nf6 3. c4 e6 4. Nc3 c6 5. cxd5 exd5 6. Bg5 Bf5 7. e3 Nbd7 8. Bd3 Bg6 9. 0-0 Be7 10. h3 0-0 11. Bxg6 hxg6 12. Qb3 Qb6 13. Ne5 Qxb3 14. axb3 Rfe8 15. Nxd7 Nxd7 16. Bxe7 Rxe7 17. b4 Nb6 18. b3 a6 19. Na4 Nc8 20. Rfc1 Nd6 21. Nc5 Rae8 22. h4 Ne4 23. Nxe4 Rxe4 24. g3 Kf8 25. Kg2 Ke7 26. b5 axb5 27. Ra7 Kd6 28. Rxb7 R4e7 29. Rb6 Rc7 30. Ra6 f5 31. b4 Rec8 32. Kf3 Re8 33. Rca1 Rb7 34. Ra7 Kc7 35. Ra8 Re7 36. Rh1 Kd6 37. h5 gxh5 38. Rxh5 Ke6 39. Ra6 Rec7 40. Rh1 Ra7 41. Rha1 Rxa6 42. Rxa6 Kf6 43. Rb6 1/2-1/2

[Event "Muensterland Verbandsliga 1819"]
[Site "Germany"]
[Date "2018.11.03"]
[Round "3.1"]
[White "Henke, Wolfgang1"]
[Black "Schulze Schwering, Philipp"]
[Result "0-1"]
[WhiteElo "1762"]
[BlackElo "2078"]
[PlyCount "118"]
[EventDate "2018.09.01"]
[EventType "team-tourn"]
[EventRounds "9"]
[EventCountry "GER"]
[SourceTitle "EXT 2020"]
[Source "ChessBase"]
[SourceDate "2019.10.17"]
[SourceVersion "1"]
[SourceVersionDate "2019.10.17"]
[SourceQuality "1"]
[WhiteTeam "Beelen"]
[BlackTeam "Borken"]
[WhiteTeamCountry "GER"]
[BlackTeamCountry "GER"]

1. e4 c6 2. d4 d5 3. Nc3 dxe4 4. Nxe4 Nd7 5. Bd3 Ngf6 6. Ng5 Nb6 7. N1f3 Bg4 8. h3 Bxf3 9. Nxf3 e6 10. 0-0 Bd6 11. Re1 0-0 12. Bg5 Nbd7 13. Ne5 Be7 14. Qf3 Re8 15. Re2 Nf8 16. c3 a6 17. Rae1 Qd5 18. a3 Qxf3 19. Nxf3 Rac8 20. Bc2 Red8 21. Ne5 N8d7 22. f4 Nxe5 23. Rxe5 h6 24. Bh4 Nd5 25. Bxe7 Nxe7 26. f5 Nxf5 27. Bxf5 exf5 28. Rxf5 Kf8 29. Kf2 f6 30. Rf3 c5 31. dxc5 Rxc5 32. Re2 Rd7 33. Rfe3 Rf5+ 34. Rf3 Rfd5 35. Rfe3 Kf7 36. Kf3 h5 37. g3 Rd3 38. Kf2 Rxe3 39. Kxe3 Re7+ 40. Kf3 Rxe2 41. Kxe2 Ke6 42. Kd3 Ke5 43. c4 a5 44. b4 a4 45. Ke3 b6 46. Kd3 g5 47. Ke3 f5 48. Kd3 h4 49. gxh4 gxh4 50. Ke3 f4+ 51. Kf3 Kd4 52. c5 bxc5 53. bxc5 Kxc5 54. Kxf4 Kd4 55. Kf3 Kd3 56. Kf4 Kc3 57. Ke3 Kb3 58. Kd3 Kxa3 59. Kc3 Ka2 0-1

[Event "Muensterland Verbandsliga 1819"]
[Site "Germany"]
[Date "2018.09.22"]
[Round "2.1"]
[White "Schulze Schwering, Philipp"]
[Black "Bernink, Henk"]
[Result "1/2-1/2"]
[WhiteElo "2078"]
[BlackElo "2040"]
[PlyCount "68"]
[EventDate "2018.09.01"]
[EventType "team-tourn"]
[EventRounds "9"]
[EventCountry "GER"]
[SourceTitle "EXT 2020"]
[Source "ChessBase"]
[SourceDate "2019.10.17"]
[SourceVersion "1"]
[SourceVersionDate "2019.10.17"]
[SourceQuality "1"]
[WhiteTeam "Borken"]
[BlackTeam "Metelen"]
[WhiteTeamCountry "GER"]
[BlackTeamCountry "GER"]

1. Nf3 Nf6 2. d4 d5 3. c4 e6 4. Bg5 Be7 5. cxd5 exd5 6. Qc2 Ne4 7. Bxe7 Qxe7 8. Nc3 Nxc3 9. Qxc3 Bf5 10. e3 c6 11. Ne5 Nd7 12. Nxd7 Qxd7 13. Qc5 Qe7 14. Rc1 Qxc5 15. Rxc5 Kd7 16. Kd2 Rhe8 17. Be2 Kd6 18. Rhc1 Bd7 19. Bd3 b6 20. R5c3 a5 21. a3 f5 22. h4 Rec8 23. b4 axb4 24. axb4 Ra2+ 25. R1c2 Rca8 26. Rxa2 Rxa2+ 27. Rc2 Rxc2+ 28. Kxc2 h6 29. Kc3 g5 30. hxg5 hxg5 31. g3 c5 32. bxc5+ bxc5 33. dxc5+ Kxc5 34. Bf1 g4 1/2-1/2

[Event "Muensterland Verbandsliga 1718"]
[Site "Germany"]
[Date "2017.10.07"]
[Round "2.1"]
[White "Schulze Schwering, Philipp"]
[Black "Boehlich, Daniel"]
[Result "0-1"]
[WhiteElo "2112"]
[BlackElo "2003"]
[PlyCount "146"]
[EventDate "2017.09.09"]
[EventType "team-tourn"]
[EventRounds "9"]
[EventCountry "GER"]
[SourceTitle "EXT 2019"]
[Source "ChessBase"]
[SourceDate "2018.10.10"]
[SourceVersion "1"]
[SourceVersionDate "2018.10.10"]
[SourceQuality "1"]
[WhiteTeam "Borken"]
[BlackTeam "Emsdetten Rochade II"]
[WhiteTeamCountry "GER"]
[BlackTeamCountry "GER"]

1. d4 d5 2. c4 c6 3. Nc3 Nf6 4. Bg5 e6 5. cxd5 exd5 6. Qc2 Be7 7. e3 Nbd7 8. Bd3 Nh5 9. Bxe7 Qxe7 10. Nge2 g6 11. Rc1 0-0 12. a3 a5 13. Na4 Ng7 14. h4 Nf6 15. Nb6 Ra7 16. Ng3 Bg4 17. Qd2 Qc7 18. Na4 Re8 19. Nf1 Bf5 20. f3 h5 21. Be2 Raa8 22. Kf2 Re7 23. Nc5 Ne6 24. Nb3 Ng7 25. Rc5 b6 26. Rc3 Qd6 27. Qc1 Bd7 28. Bd3 Rae8 29. Nbd2 Ne6 30. Ng3 c5 31. dxc5 Nxc5 32. Bb1 d4 33. Nc4 dxe3+ 34. Rxe3 Qc7 35. Rhe1 Rxe3 36. Nxe3 Qf4 37. Qc3 Rxe3 38. Rxe3 Ng4+ 39. Ke2 Nxe3 40. Nxh5 gxh5 41. Qxe3 Bb5+ 42. Kf2 Qxh4+ 43. Kg1 Qf6 44. b4 axb4 45. axb4 Nd7 46. Be4 Kg7 47. Qd2 Qe5 48. Bc2 Nf6 49. Qf2 Qd6 50. Qe3 Bd7 51. Qg5+ Kf8 52. Kh1 Ke7 53. Qh4 Be6 54. Ba4 Qd5 55. Qf2 Qa2 56. Bc2 Qa1+ 57. Kh2 Qb2 58. Qd2 Nd5 59. Qg5+ Qf6 60. Qd2 Qf4+ 61. Qxf4 Nxf4 62. Kg3 Ng6 63. Kf2 Kd6 64. Ke3 Ke5 65. g3 Ne7 66. f4+ Kd6 67. Bd1 Bg4 68. Bb3 Nd5+ 69. Kd4 Nxb4 70. Bxf7 Nc6+ 71. Ke4 Ne7 72. f5 Nxf5 73. Kf4 Ke7 0-1

[Event "Muensterland Verbandsliga 1617"]
[Site "Germany"]
[Date "2017.03.18"]
[Round "8.2"]
[White "Schulze Schwering, Philipp"]
[Black "Berger, Alfred Josef"]
[Result "1-0"]
[WhiteElo "2046"]
[BlackElo "1980"]
[PlyCount "89"]
[EventDate "2016.09.10"]
[EventType "team"]
[EventRounds "9"]
[EventCountry "GER"]
[SourceTitle "EXT 2018"]
[Source "ChessBase"]
[SourceDate "2017.10.13"]
[SourceVersion "1"]
[SourceVersionDate "2017.10.13"]
[SourceQuality "1"]
[WhiteTeam "Borken"]
[BlackTeam "Heiden"]
[WhiteTeamCountry "GER"]
[BlackTeamCountry "GER"]

1. d4 d6 2. c4 e5 3. d5 g6 4. Nc3 h5 5. g3 Bh6 6. Bg2 Bxc1 7. Rxc1 a5 8. Nf3 Nd7 9. 0-0 Nc5 10. Ne1 h4 11. Nd3 hxg3 12. fxg3 Qg5 13. Nxc5 Qe3+ 14. Rf2 Qxc5 15. Ne4 Qe3 16. Qd2 Qxd2 17. Nxd2 b6 18. Rcf1 f5 19. e4 Nf6 20. Bf3 Bd7 21. Bd1 0-0-0 22. Bc2 Rh3 23. exf5 gxf5 24. Bxf5 Bxf5 25. Rxf5 Ng4 26. Rg5 Ne3 27. Rf3 Nc2 28. Rg7 Rdh8 29. Nf1 e4 30. Rff7 Nd4 31. Rxc7+ Kb8 32. Rb7+ Ka8 33. Ra7+ Kb8 34. Rgb7+ Kc8 35. Rxb6 Nf3+ 36. Kf2 Ne5 37. b3 Ng4+ 38. Ke2 Rxh2+ 39. Nxh2 Rxh2+ 40. Kd1 e3 41. Rc6+ Kb8 42. Re7 Ne5 43. Rxe5 dxe5 44. Re6 Rxa2 45. Rxe5 1-0

[Event "Muensterland Verbandsliga 1617"]
[Site "Germany"]
[Date "2017.01.28"]
[Round "6.2"]
[White "Schulze Schwering, Philipp"]
[Black "Loesing, Henrik"]
[Result "1-0"]
[WhiteElo "2046"]
[BlackElo "1931"]
[PlyCount "83"]
[EventDate "2016.09.10"]
[EventType "team"]
[EventRounds "9"]
[EventCountry "GER"]
[SourceTitle "EXT 2018"]
[Source "ChessBase"]
[SourceDate "2017.10.13"]
[SourceVersion "1"]
[SourceVersionDate "2017.10.13"]
[SourceQuality "1"]
[WhiteTeam "Borken"]
[BlackTeam "Stadtlohn"]
[WhiteTeamCountry "GER"]
[BlackTeamCountry "GER"]

1. d4 Nf6 2. c4 g6 3. g3 Bg7 4. Bg2 d6 5. Nc3 0-0 6. Nf3 c5 7. d5 e6 8. 0-0 exd5 9. cxd5 a6 10. a4 Re8 11. Nd2 Nbd7 12. h3 Rb8 13. a5 Bh6 14. e4 Ne5 15. Qe2 Nh5 16. Kh2 f5 17. f4 Nxg3 18. Kxg3 Bxf4+ 19. Kxf4 Qh4+ 20. Ke3 Qg3+ 21. Nf3 fxe4 22. Nxe4 Nxf3 23. Qxf3 Rxe4+ 24. Kd3 Rd4+ 25. Kc3 Qxf3+ 26. Rxf3 Bf5 27. Re3 b5 28. axb6 Rxb6 29. Bf1 Rd1 30. Bc4 a5 31. h4 h5 32. Re8+ Kf7 33. Re7+ Kxe7 34. Bg5+ Kf7 35. Rxd1 Rb7 36. Ra1 Ra7 37. Bb5 Ra8 38. Re1 Ra7 39. Be8+ Kf8 40. Bh6+ Kg8 41. Bc6 Rf7 42. Re8+ 1-0

[Event "Muensterland Verbandsliga 1617"]
[Site "Germany"]
[Date "2016.12.17"]
[Round "5.2"]
[White "Hackl Sommer, Rene"]
[Black "Schulze Schwering, Philipp"]
[Result "1/2-1/2"]
[WhiteElo "1981"]
[BlackElo "2046"]
[PlyCount "111"]
[EventDate "2016.09.10"]
[EventType "team"]
[EventRounds "9"]
[EventCountry "GER"]
[SourceTitle "EXT 2018"]
[Source "ChessBase"]
[SourceDate "2017.10.13"]
[SourceVersion "1"]
[SourceVersionDate "2017.10.13"]
[SourceQuality "1"]
[WhiteTeam "Telgte"]
[BlackTeam "Borken"]
[WhiteTeamCountry "GER"]
[BlackTeamCountry "GER"]

1. e4 e5 2. Nf3 Nc6 3. d4 exd4 4. Bc4 Bb4+ 5. c3 dxc3 6. bxc3 Ba5 7. Ng5 Nh6 8. 0-0 0-0 9. Nh3 d6 10. Bg5 Qe8 11. Bxh6 Bxh3 12. Qf3 gxh6 13. Qxh3 Qxe4 14. Nd2 Qg6 15. f4 Rae8 16. Rf3 Kh8 17. Kf1 f5 18. Rg3 Qf6 19. Re1 Rxe1+ 20. Kxe1 Nd4 21. Kd1 Ne6 22. Bxe6 Qxe6 23. Re3 Qg6 24. Kc2 Bb6 25. Re1 h5 26. Qf3 Qg4 27. h3 Qxf3 28. Nxf3 Rf7 29. Ng5 Rd7 30. Re6 Kg7 31. Kd3 c6 32. Nf3 d5 33. Nh4 Rf7 34. Re5 Bc7 35. Rxf5 Rxf5 36. Nxf5+ Kf6 37. Ng3 Bxf4 38. Nxh5+ Ke5 39. g3 Bh6 40. c4 b5 41. cxd5 cxd5 42. g4 Bf8 43. Ng3 Bc5 44. Nh5 a5 45. g5 Be7 46. h4 a4 47. Ng3 b4 48. Ne2 Bc5 49. h5 Kf5 50. g6 hxg6 51. hxg6 Bf8 52. Kd4 Bg7+ 53. Kxd5 Kxg6 54. Kc4 b3 55. axb3 axb3 56. Kxb3 1/2-1/2

[Event "Muensterland Verbandsliga 1516"]
[Site "Germany"]
[Date "2016.04.23"]
[Round "8.1"]
[White "Boehlich, Daniel"]
[Black "Schulze Schwering, Philipp"]
[Result "1/2-1/2"]
[WhiteElo "1895"]
[BlackElo "2031"]
[PlyCount "59"]
[EventDate "2015.09.12"]
[EventType "team"]
[EventRounds "9"]
[EventCountry "GER"]
[SourceTitle "EXT 2017"]
[Source "ChessBase"]
[SourceDate "2016.10.25"]
[SourceVersion "1"]
[SourceVersionDate "2016.10.25"]
[SourceQuality "1"]
[WhiteTeam "Emsdetten Rochade II"]
[BlackTeam "Borken"]
[WhiteTeamCountry "GER"]
[BlackTeamCountry "GER"]

1. d4 Nf6 2. c4 e6 3. Nc3 b6 4. Bg5 Be7 5. Nf3 Bb7 6. e3 Ne4 7. Bxe7 Qxe7 8. Nxe4 Bxe4 9. Bd3 Qb4+ 10. Qd2 Qxd2+ 11. Kxd2 Bxd3 12. Kxd3 c5 13. a3 Nc6 14. Ne5 Nxe5+ 15. dxe5 Ke7 16. Rhd1 h5 17. e4 g5 18. Ke3 Rhf8 19. f3 f6 20. exf6+ Rxf6 21. Rd2 e5 22. Rad1 d6 23. h4 gxh4 24. Rh1 Rf4 25. Rhd1 Rd8 26. Kf2 a6 27. a4 Ke6 28. Ke3 Ke7 29. Kf2 Ke6 30. Ke3 1/2-1/2

[Event "Muensterland Verbandsliga 1516"]
[Site "Germany"]
[Date "2015.12.12"]
[Round "4.1"]
[White "Schulze Ameling, Hendrik"]
[Black "Schulze Schwering, Philipp"]
[Result "1/2-1/2"]
[WhiteElo "2003"]
[BlackElo "2031"]
[PlyCount "89"]
[EventDate "2015.09.12"]
[EventType "team"]
[EventRounds "9"]
[EventCountry "GER"]
[SourceTitle "EXT 2017"]
[Source "ChessBase"]
[SourceDate "2016.10.25"]
[SourceVersion "1"]
[SourceVersionDate "2016.10.25"]
[SourceQuality "1"]
[WhiteTeam "Ahaus Wessum"]
[BlackTeam "Borken"]
[WhiteTeamCountry "GER"]
[BlackTeamCountry "GER"]

1. d4 Nf6 2. c4 e6 3. Nc3 d5 4. e3 b6 5. cxd5 exd5 6. Bd3 Bb7 7. Nge2 Be7 8. Ng3 c5 9. 0-0 0-0 10. dxc5 bxc5 11. Qb3 Qb6 12. Nf5 Bd8 13. Qa3 Nbd7 14. b3 Re8 15. Rd1 a6 16. Qa4 Ne5 17. Bf1 Qe6 18. Ng3 h5 19. Bb2 Neg4 20. Qf4 h4 21. Nf5 g6 22. Nh6+ Nxh6 23. Qxh6 Ng4 24. Qf4 g5 25. Qf3 Bf6 26. h3 Ne5 27. Qe2 Rad8 28. Na4 Rc8 29. Rac1 c4 30. bxc4 Nxc4 31. Bxf6 Qxf6 32. Rb1 Rc7 33. Qg4 Re4 34. Qh5 Re5 35. Bxc4 dxc4 36. Rb6 Re6 37. Rxe6 fxe6 38. Qe8+ Kg7 39. Nc5 Rxc5 40. Rd7+ Kh6 41. Rf7 Qa1+ 42. Kh2 Be4 43. Qf8+ Kg6 44. Qg8+ Kh6 45. Qf8+ 1/2-1/2

[Event "Muensterland Verbandsliga 1516"]
[Site "Germany"]
[Date "2015.09.12"]
[Round "1.1"]
[White "Berger, Alfred Josef"]
[Black "Schulze Schwering, Philipp"]
[Result "0-1"]
[WhiteElo "1939"]
[BlackElo "2031"]
[PlyCount "142"]
[EventDate "2015.09.12"]
[EventType "team"]
[EventRounds "9"]
[EventCountry "GER"]
[SourceTitle "EXT 2017"]
[Source "ChessBase"]
[SourceDate "2016.10.25"]
[SourceVersion "1"]
[SourceVersionDate "2016.10.25"]
[SourceQuality "1"]
[WhiteTeam "Heiden"]
[BlackTeam "Borken"]
[WhiteTeamCountry "GER"]
[BlackTeamCountry "GER"]

1. e4 d6 2. d4 Nf6 3. Nc3 g6 4. Be3 Bg7 5. Qd2 Ng4 6. Bg5 h6 7. Bh4 Nd7 8. Nd5 Ngf6 9. 0-0-0 g5 10. Bg3 Nxe4 11. Qe3 Nef6 12. Nc3 Nb6 13. h4 g4 14. h5 c6 15. Nge2 Nbd5 16. Nxd5 Nxd5 17. Qe4 Nf6 18. Qe3 Nd5 19. Qe4 Be6 20. a3 Qa5 21. Nf4 Nxf4 22. Qxf4 Bf6 23. Bh4 Bxh4 24. Rxh4 Qg5 25. g3 Qxf4+ 26. gxf4 f5 27. Bd3 Kf7 28. c4 Kf6 29. Kc2 Bf7 30. Kc3 Rae8 31. Bc2 Rd8 32. Rhh1 e5 33. fxe5+ dxe5 34. dxe5+ Kxe5 35. Rde1+ Kf6 36. f3 Rhe8 37. fxg4 Rxe1 38. Rxe1 fxg4 39. Rf1+ Ke7 40. Re1+ Kf6 41. Rf1+ Ke7 42. Re1+ Kd6 43. Bf5 g3 44. b4 Rg8 45. Bh3 Bxh5 46. Re6+ Kc7 47. Bg2 Bg6 48. Re7+ Kc8 49. b5 Be8 50. a4 h5 51. Rh7 Rf8 52. Kb4 Rf2 53. Bh3+ Kd8 54. Rxb7 Rf7 55. Rb8+ Ke7 56. c5 Bd7 57. Rb7 Kf6 58. Bg2 h4 59. Rxa7 cxb5 60. axb5 h3 61. Ra6+ Kg5 62. Ra3 Kh4 63. Bd5 Rf4+ 64. Ka5 Rf5 65. Ra4+ Kg5 66. Rd4 Bxb5 67. Kxb5 g2 68. Bxg2 hxg2 69. Rd1 Rf1 70. Rd8 g1Q 71. Rg8+ Kf6 0-1

[Event "Muensterland Verbandsklasse 1415"]
[Site "Germany"]
[Date "2014.12.06"]
[Round "4.1"]
[White "Hollnack, Olaf"]
[Black "Schulze Schwering, Philipp"]
[Result "0-1"]
[WhiteElo "1958"]
[BlackElo "2053"]
[PlyCount "102"]
[EventDate "2014.09.13"]
[EventType "team-tourn"]
[EventRounds "9"]
[EventCountry "GER"]
[SourceTitle "EXT 2016"]
[Source "ChessBase"]
[SourceDate "2015.10.08"]
[SourceVersion "1"]
[SourceVersionDate "2015.10.08"]
[SourceQuality "1"]
[WhiteTeam "Nienberge II"]
[BlackTeam "Borken"]
[WhiteTeamCountry "GER"]
[BlackTeamCountry "GER"]

1. c4 c5 2. Nc3 Nc6 3. g3 g6 4. Bg2 Bg7 5. e4 d6 6. Nge2 e6 7. 0-0 Nge7 8. d3 0-0 9. Bg5 h6 10. Be3 Nd4 11. Qd2 Kh7 12. f4 Nec6 13. Bf2 Nxe2+ 14. Nxe2 Nd4 15. Nxd4 cxd4 16. g4 e5 17. f5 Bf6 18. Qe1 g5 19. Bf3 Bd7 20. Kg2 b5 21. b3 a5 22. Rh1 Qb6 23. h4 Kg7 24. hxg5 hxg5 25. Qd2 Rh8 26. Rh5 Rxh5 27. gxh5 Kh6 28. Rc1 Rc8 29. cxb5 Qxb5 30. Rxc8 Bxc8 31. Qc2 Qc5 32. Qc4 Qxc4 33. dxc4 Bb7 34. Kg3 Bd8 35. a3 f6 36. Be1 Bb6 37. b4 d3 38. Bd2 a4 39. Kg4 Bd4 40. Bd1 Bxe4 41. Bxa4 Bb7 42. c5 dxc5 43. bxc5 Bxc5 44. Bc3 Bxa3 45. Bb5 Be4 46. Ba5 Bc1 47. Bd8 d2 48. Ba4 Bc6 49. Bb3 Be8 50. Bxf6 Bxh5+ 51. Kg3 Bb2 0-1

[Event "Muensterland Verbandsklasse 1415"]
[Site "Germany"]
[Date "2014.09.13"]
[Round "1.1"]
[White "Schulze Schwering, Philipp"]
[Black "Jacob, Helmut"]
[Result "1/2-1/2"]
[WhiteElo "2053"]
[BlackElo "1959"]
[PlyCount "143"]
[EventDate "2014.09.13"]
[EventType "team-tourn"]
[EventRounds "9"]
[EventCountry "GER"]
[SourceTitle "EXT 2016"]
[Source "ChessBase"]
[SourceDate "2015.10.08"]
[SourceVersion "1"]
[SourceVersionDate "2015.10.08"]
[SourceQuality "1"]
[WhiteTeam "Borken"]
[BlackTeam "Ochtrup"]
[WhiteTeamCountry "GER"]
[BlackTeamCountry "GER"]

1. d4 f5 2. g3 Nf6 3. Bg2 e6 4. c4 Be7 5. Nf3 d5 6. b3 c6 7. 0-0 0-0 8. Nbd2 Ne4 9. Bb2 Nd7 10. Ne1 Qe8 11. Ndf3 Qh5 12. Nd3 g5 13. Nfe5 Nxe5 14. Nxe5 Rf6 15. f3 Nd6 16. Qc2 Nf7 17. Nxf7 Qxf7 18. e4 f4 19. e5 Rg6 20. g4 Bd7 21. Rfd1 Kg7 22. Bf1 h5 23. h3 hxg4 24. hxg4 Rh6 25. Bg2 Rah8 26. Kf2 Qf8 27. c5 R8h7 28. Rh1 Qh8 29. Rxh6 Rxh6 30. Kg1 Rh2 31. Bc3 Be8 32. Be1 Bg6 33. Qe2 Rh7 34. b4 Be8 35. Qc2 Bd7 36. Qa4 Qb8 37. Bc3 Kg8 38. Kf2 Be8 39. Rh1 Rxh1 40. Bxh1 a6 41. Bg2 Qc7 42. Bf1 Bd8 43. Bd3 Qg7 44. Qc2 Qh6 45. Kg1 Qh4 46. Qf2 Qxf2+ 47. Kxf2 Kf8 48. Ke2 Ke7 49. Bh7 Kd7 50. Kd2 Bf7 51. Kc2 Kc8 52. Kb3 Kb8 53. a4 Kc8 54. b5 axb5 55. axb5 cxb5 56. Kb4 Be8 57. Bd3 Bc6 58. Bxb5 Kd7 59. Ka4 b6 60. Bb4 Bc7 61. Ba3 Bd8 62. cxb6 Bxb6 63. Bb2 Bd8 64. Kb4 Bb6 65. Bd3 Kc7 66. Bc3 Kb7 67. Kb3 Kc7 68. Ba6 Be8 69. Kc2 Ba4+ 70. Kd2 Kd7 71. Bd3 Bc6 72. Bc2 1/2-1/2

[Event "Muensterland Verbandsklasse 1314"]
[Site "Germany"]
[Date "2014.01.11"]
[Round "5.2"]
[White "Kemper, Andreas"]
[Black "Schulze Schwering, Philipp"]
[Result "0-1"]
[WhiteElo "1858"]
[BlackElo "2030"]
[PlyCount "98"]
[EventDate "2013.09.21"]
[EventType "team-tourn"]
[EventRounds "9"]
[EventCountry "GER"]
[SourceTitle "EXT 2015"]
[Source "ChessBase"]
[SourceDate "2014.11.20"]
[SourceVersion "1"]
[SourceVersionDate "2014.11.20"]
[SourceQuality "1"]
[WhiteTeam "Ahaus Wessum II"]
[BlackTeam "Borken"]
[WhiteTeamCountry "GER"]
[BlackTeamCountry "GER"]

1. e4 e5 2. Bc4 Nf6 3. d3 c6 4. Bb3 d5 5. Nf3 Qc7 6. Nc3 Bb4 7. 0-0 Be6 8. Ng5 0-0 9. exd5 cxd5 10. Nxe6 fxe6 11. f4 Bxc3 12. bxc3 Qxc3 13. Ba3 Rf7 14. f5 exf5 15. Rxf5 Nc6 16. Qe1 Qd4+ 17. Kh1 Ne7 18. c3 Qxd3 19. Rxe5 Ng6 20. Re3 Qa6 21. Bc5 Qc6 22. Ba3 Rd8 23. Re6 Qc7 24. h3 Nf4 25. Re3 Qc6 26. Qf2 Ng6 27. Rae1 Ng4 28. Qg3 Nxe3 29. Rxe3 Qa6 30. Bc5 Nf4 31. Bd4 Qf1+ 32. Kh2 Ne2 33. Rxe2 Qxe2 34. Qg5 Qe7 35. Qh5 Qd6+ 36. Be5 Qe6 37. Bc2 h6 38. Bg6 Re7 39. Bg3 Qf6 40. c4 Qg5 41. Qh4 Qxh4 42. Bxh4 Red7 43. cxd5 Rxd5 44. Be4 Rd4 45. Bxd8 Rxe4 46. a3 Kf7 47. Bc7 Ke6 48. Ba5 Ra4 49. Bc3 g6 0-1